| 000 | 00000nam 2200000zi 4500 |
| 001 | 9.948635 |
| 003 | CaOODSP |
| 005 | 20250912110436 |
| 006 | m o d f |
| 007 | cr cn |||||||| |
| 008 | 250303t20252022onc o f000 0 fre d |
| 020 | |a9780660761190 |
| 040 | |aCaOODSP|bfre|erda|cCaOODSP |
| 043 | |an-cn--- |
| 086 | 1 |aM134-78/2025F-PDF |
| 245 | 00|a50001 Ready : |bguide EMA : évaluation des écarts de la gestion de l'énergie (SGE). |
| 264 | 1|a[Ottawa] : |b[Ressources naturelles Canada], |c2025. |
| 264 | 4|c©2022 |
| 300 | |a1 ressource en ligne (81 pages) |
| 336 | |atexte|btxt|2rdacontent/fre |
| 337 | |ainformatique|bc|2rdamedia/fre |
| 338 | |aressource en ligne|bcr|2rdacarrier/fre |
| 500 | |aPublié aussi en anglais sous le titre : 50001 Ready: energy management assessment guide (EMA). |
| 500 | |a« Septembre 2022. » |
| 500 | |a« Ce manuscrit a été rédigé par un auteur du Lawrence Berkeley National Laboratory dans le cadre du contrat n° DE-AC02-05CH11231 avec le ministère américain de l'Énergie. » |
| 520 | |a« L'évaluation de la gestion de l'énergie 50001 Ready (EMA) est un outil « d’analyse des écarts » destiné à toute organisation souhaitant développer ou améliorer ses pratiques de gestion de l'énergie ou comprendre comment ses pratiques de gestion de l'énergie se sont améliorées au fil du temps. La caractéristique des systèmes de gestion de l'énergie (SGE), tels que 50001 Ready, est l'amélioration continue. L'EMA 50001 Ready est organisé selon les 7 sections et les 25 tâches du 50001 Ready Navigator. Le 50001 Ready Navigator est une ressource en ligne gratuite qui fournit des conseils aux organisations de tous types pour développer des pratiques commerciales de gestion de l'énergie conformes à la norme internationale de système de gestion ISO 50001 »--page 1. |
| 650 | 6|aIndustrie|xConsommation d'énergie|zCanada|xGestion. |
| 650 | 6|aIndustrie|xConsommation d'énergie|xNormes|zCanada. |
| 710 | 1 |aCanada. |bRessources naturelles Canada, |eorganisme de publication. |
| 710 | 1 |aÉtats-Unis. |bDept. of Energy, |eorganisme de publication. |
| 775 | 08|t50001 Ready : |w(CaOODSP)9.948634 |
| 856 | 40|qPDF|s1.03 Mo|uhttps://publications.gc.ca/collections/collection_2025/rncan-nrcan/M134-78-2025-fra.pdf |